| 000 -LEADER |
| fixed length control field |
01756cam a22004094a 4500 |
| 001 - CONTROL NUMBER |
| control field |
13403656 |
| 003 - CONTROL NUMBER IDENTIFIER |
| control field |
NUST |
| 005 - DATE AND TIME OF LATEST TRANSACTION |
| control field |
20191210123935.0 |
| 008 - FIXED-LENGTH DATA ELEMENTS--GENERAL INFORMATION |
| fixed length control field |
031114s2004 nyuab b 001 0ceng |
| 010 ## - LIBRARY OF CONGRESS CONTROL NUMBER |
| LC control number |
2003067483 |
| 020 ## - INTERNATIONAL STANDARD BOOK NUMBER |
| International Standard Book Number |
0385508441 |
| 038 ## - RECORD CONTENT LICENSOR |
| Staff Name |
M.Ramzan |
| 040 ## - CATALOGING SOURCE |
| Original cataloging agency |
DLC |
| Transcribing agency |
DLC |
| Modifying agency |
DLC |
| 042 ## - AUTHENTICATION CODE |
| Authentication code |
pcc |
| 043 ## - GEOGRAPHIC AREA CODE |
| Geographic area code |
e-dk--- |
| 050 00 - LIBRARY OF CONGRESS CALL NUMBER |
| Classification number |
QB36.B8 |
| Item number |
G55 2004 |
| 082 00 - DEWEY DECIMAL CLASSIFICATION NUMBER |
| Classification number |
520.922 |
| -- |
B |
| Edition number |
22 |
| 100 1# - MAIN ENTRY--PERSONAL NAME |
| Personal name |
Gilder, Joshua. |
| 9 (RLIN) |
26681 |
| 245 10 - TITLE STATEMENT |
| Title |
Heavenly intrigue : |
| Remainder of title |
Johannes Kepler, Tycho Brahe, and the murder behind one of history's greatest scientific discoveries / |
| Statement of responsibility, etc. |
Joshua Gilder and Anne-Lee Gilder. |
| 250 ## - EDITION STATEMENT |
| Edition statement |
1st ed. |
| 260 ## - PUBLICATION, DISTRIBUTION, ETC. |
| Place of publication, distribution, etc. |
New York : |
| Name of publisher, distributor, etc. |
Doubleday : |
| Date of publication, distribution, etc. |
2004. |
| 300 ## - PHYSICAL DESCRIPTION |
| Extent |
xii, 304 p. : |
| Other physical details |
ill., maps ; |
| Dimensions |
22 cm. |
| 504 ## - BIBLIOGRAPHY, ETC. NOTE |
| Bibliography, etc. note |
Includes bibliographical references (p. [286]-296) and index. |
| 600 10 - SUBJECT ADDED ENTRY--PERSONAL NAME |
| Personal name |
Brahe, Tycho, |
| Dates associated with a name |
1546-1601 |
| General subdivision |
Death and burial. |
| 9 (RLIN) |
26682 |
| 600 10 - SUBJECT ADDED ENTRY--PERSONAL NAME |
| Personal name |
Kepler, Johannes, |
| Dates associated with a name |
1571-1630. |
| 9 (RLIN) |
26683 |
| 650 #0 - SUBJECT ADDED ENTRY--TOPICAL TERM |
| Topical term or geographic name entry element |
Astronomers |
| Geographic subdivision |
Denmark |
| Form subdivision |
Biography. |
| 9 (RLIN) |
26684 |
| 650 #0 - SUBJECT ADDED ENTRY--TOPICAL TERM |
| Topical term or geographic name entry element |
Science |
| General subdivision |
History |
| Chronological subdivision |
17th century. |
| 9 (RLIN) |
26685 |
| 650 #0 - SUBJECT ADDED ENTRY--TOPICAL TERM |
| Topical term or geographic name entry element |
Science, Renaissance. |
| 9 (RLIN) |
26686 |
| 700 1# - ADDED ENTRY--PERSONAL NAME |
| Personal name |
Gilder, Anne-Lee. |
| 9 (RLIN) |
26687 |
| 856 42 - ELECTRONIC LOCATION AND ACCESS |
| Materials specified |
Contributor biographical information |
| Uniform Resource Identifier |
<a href="http://www.loc.gov/catdir/bios/random055/2003067483.html">http://www.loc.gov/catdir/bios/random055/2003067483.html</a> |
| 856 41 - ELECTRONIC LOCATION AND ACCESS |
| Materials specified |
Sample text |
| Uniform Resource Identifier |
<a href="http://www.loc.gov/catdir/samples/random051/2003067483.html">http://www.loc.gov/catdir/samples/random051/2003067483.html</a> |
| 856 41 - ELECTRONIC LOCATION AND ACCESS |
| Materials specified |
Table of contents |
| Uniform Resource Identifier |
<a href="http://www.loc.gov/catdir/toc/fy045/2003067483.html">http://www.loc.gov/catdir/toc/fy045/2003067483.html</a> |
| 856 42 - ELECTRONIC LOCATION AND ACCESS |
| Materials specified |
Publisher description |
| Uniform Resource Identifier |
<a href="http://www.loc.gov/catdir/description/random0415/2003067483.html">http://www.loc.gov/catdir/description/random0415/2003067483.html</a> |
| 906 ## - LOCAL DATA ELEMENT F, LDF (RLIN) |
| a |
7 |
| b |
cbc |
| c |
orignew |
| d |
1 |
| e |
ocip |
| f |
20 |
| g |
y-gencatlg |
| 942 ## - ADDED ENTRY ELEMENTS (KOHA) |
| Source of classification or shelving scheme |
|
| Koha item type |
Book |